| 000 | 00540nam a22001697a 4500 | ||
|---|---|---|---|
| 005 | 20251108164729.0 | ||
| 008 | 250721s1991 xx 000 0 ara d | ||
| 082 | 1 | 4 | _a801.95/فرا |
| 100 | 1 | _aفراى، نورثرب | |
| 245 | 1 | 0 |
_aتشريح النقد : _bمحاولات أربع / |
| 264 | 1 |
_aعمان : _bالجامعة الأردنية - عمادة البحث العلمي، _c1991. |
|
| 300 | _a486ص | ||
| 650 | 1 | 7 | _aالنقد الأدبي |
| 700 | 1 |
_aعصفور، محمد _eترجمة |
|
| 942 |
_2ddc _cBK |
||
| 999 |
_c12938 _d12938 |
||